[Event "Asker SK Club Ch Group Master"]
[Site "Asker"]
[Date "2001.05.07"]
[Round "8"]
[White "Nygaard, Stein"]
[Black "Carlsen, Magnus"]
[Result "1/2-1/2"]
[WhiteElo "1800"]
[BlackElo "2064"]
[PlyCount "49"]
[EventDate "2001.01.15"]
[EventType "tourn"]
[EventRounds "9"]
[EventCountry "NOR"]
[SourceTitle "EXT 2023"]
[Source "ChessBase"]
[SourceDate "2022.10.05"]
[SourceVersion "1"]
[SourceVersionDate "2022.10.05"]
[SourceQuality "1"]

1. Nf3 f5 2. c4 Nf6 3. Nc3 e6 4. g3 Bb4 5. Bg2 Bxc3 6. bxc3 0-0 7. d3 d6 8. Qc2 e5 9. c5 e4 10. Nd2 d5 11. 0-0 Qe7 12. Nb3 Nbd7 13. a4 c6 14. c4 Re8 15. cxd5 Nxd5 16. e3 N7f6 17. Bb2 Be6 18. dxe4 fxe4 19. Bxf6 Nxf6 20. Nd4 Bd5 21. Rab1 Rab8 22. Nf5 Qe5 23. Nd6 Re7 24. Rb4 b6 25. Nc4 1/2-1/2